Arnoldi Vinnii I.C. in quatuor libros institutionum imperialium commentarius academicus et forensis ... (Record no. 167666)

MARC details
000 -LEADER
campo de control de longitud fija 01046nam a2200253 i 4500
001 - NÚMERO DE CONTROL
campo de control 167666
003 - IDENTIFICADOR DE NÚMERO DE CONTROL
campo de control ES-MaACL
005 - FECHA Y HORA DE LA ÚLTIMA TRANSACCIÓN
campo de control 20250724063437.0
008 - DATOS DE LONGITUD FIJA--INFORMACIÓN GENERAL
campo de control de longitud fija 931025s1786 sp |||| | spa d
040 ## - FUENTE DE CATALOGACIÓN
Centro catalogador/agencia de origen CAM
Lengua de catalogación spa
Centro/agencia transcriptor PAB
100 1# - ENTRADA PRINCIPAL--NOMBRE DE PERSONA
Nombre de persona Vinnius, Arnoldus,
Fechas asociadas al nombre 1588-1657
9 (RLIN) 115335
245 10 - MENCIÓN DEL TÍTULO
Título Arnoldi Vinnii I.C. in quatuor libros institutionum imperialium commentarius academicus et forensis ...
Resto del título : ... tomus primus [- secundus].
250 ## - MENCION DE EDICION
Mención de edición Editio nova in usum hispanae iuventutis adornata.
260 ## - PUBLICACIÓN, DISTRIBUCIÓN, ETC.
Lugar de publicación, distribución, etc. Valentiae :
Nombre del editor, distribuidor, etc. apud Benedictum Monfort Typogr.,
Fecha de publicación, distribución, etc. 1786.
300 ## - DESCRIPCIÓN FÍSICA
Extensión 2 v. ([12], 612 p. ; [4], 496 p.) ;
Dimensiones 4º.
596 ## - NOTA AL PIE DE IMPRENTA
NOTA AL PIE DE IMPRENTA Marca tip. en port.
597 ## - NOTA DE DESCRIPCIÓN FÍSICA
NOTA DE DESCRIPCIÓN FÍSICA Sign.: [ ]6, A-Z4, 2A-2Z4, 3A-3Z4, 4A-4G4, AH² ; [ ]², A-Z4, 2A-2Z4, 3A-3Q4.
597 ## - NOTA DE DESCRIPCIÓN FÍSICA
NOTA DE DESCRIPCIÓN FÍSICA Antep.
599 ## - NOTA A LAS ILUSTRACIONES
NOTA A LAS ILUSTRACIONES La h. de grab., árbol genealógico.
630 07 - PUNTO DE ACCESO ADICIONAL DE MATERIA--TÍTULO UNIFORME
Título uniforme Corpus juris civilis.
Nombre de parte o sección de la obra Institutiones
Fuente del encabezamiento o término
9 (RLIN) 135271
650 07 - PUNTO DE ACCESO ADICIONAL DE MATERIA--TÉRMINO DE MATERIA
Término de materia o nombre geográfico como elemento de entrada Derecho romano
Fuente del encabezamiento o término embne
9 (RLIN) 11764
852 ## - LOCALIZACIÓN
Ubicación ES-MaACL
Número de control de estantería R-185-86
Nota libre -- Enc. perg.
Encuadernación -- Olim: C-2397-98
Holdings
Estatus retirado Estado de pérdida Estado de daño No para préstamo Colección Biblioteca de origen Biblioteca actual Ubicación en estantería Fecha de adquisición Total de préstamos Signatura topográfica completa Código de barras Visto por última vez Precio de reemplazo Tipo de ítem Koha
        Libros del s. XVIII Biblioteca del Ateneo de Madrid Biblioteca del Ateneo de Madrid Depósito 17/01/2008   R-185-86 1175901 23/02/2023 23/02/2023 Libro impreso antiguo